[Event "Elit(Vasteras-Kungstornet)"]
[Site "?"]
[Date "2023.10.14"]
[Round "2"]
[White "Hamark, Jesper"]
[Black "Aronsson, Marten"]
[Result "1/2-1/2"]
[WhiteElo "2342"]
[BlackElo "2256"]
[PlyCount "95"]
[EventDate "2021.02.07"]
[SourceVersionDate "2023.10.23"]

1. c4 e6 2. Nc3 Nf6 3. Nf3 d5 4. e3 Be7 5. b3 b6 6. Bb2 Bb7 7. cxd5 exd5 8. d4
O-O 9. Bd3 Nbd7 10. O-O Re8 11. Ne5 Bb4 12. Ne2 Nxe5 13. dxe5 Ng4 14. Bb5 c6
15. Qd4 Nxe5 16. Qxb4 cxb5 17. Qxb5 a5 18. Qa4 Ba6 19. Bxe5 Rxe5 20. Rfe1 Bxe2
21. Rxe2 Re4 22. Qb5 Rb4 23. Qd3 a4 24. Qc3 Qd6 25. Rd1 axb3 26. axb3 Qc5 27.
Rc2 Qxc3 28. Rxc3 Kf8 29. g3 Ra5 30. Rcd3 Rab5 31. Rxd5 Rxd5 32. Rxd5 Rxb3 33.
Rd7 g5 34. g4 Kg7 35. Kg2 h6 36. Kg3 Kg6 37. Rd6+ Kg7 38. Rd7 Kf6 39. Rd6+ Kg7
40. Rc6 Kh7 41. h3 Kg7 42. h4 Kh7 43. h5 Kg7 44. Kf3 Rb2 45. Rd6 b5 46. Rb6 b4
47. Ke4 Rxf2 48. Rxb4 1/2-1/2

[Event "Elit(LASK-Wasa)"]
[Site "?"]
[Date "2023.10.14"]
[Round "2"]
[White "Smith, Axel"]
[Black "Engqvist, Thomas"]
[Result "1/2-1/2"]
[WhiteElo "2412"]
[BlackElo "2338"]
[PlyCount "130"]
[EventDate "2021.02.07"]
[SourceVersionDate "2023.10.27"]

1. d4 Nf6 2. Bg5 g6 3. Bxf6 exf6 4. e3 f5 5. g3 c6 6. c4 d6 7. Nc3 h5 8. h4 Nd7
9. Nge2 Nf6 10. Bg2 Bh6 11. Nf4 Qe7 12. Qe2 Bxf4 13. exf4 Qxe2+ 14. Kxe2 Bd7
15. b4 O-O-O 16. Rhd1 Rhe8+ 17. Kf1 Be6 18. d5 cxd5 19. Bxd5 Bxd5 20. Nxd5 Nxd5
21. Rxd5 Rd7 22. Rad1 Re4 23. c5 Rxb4 24. cxd6 Ra4 25. R1d2 Ra3 26. Ke2 Kd8 27.
Kd1 Ra6 28. Kc1 f6 29. Kb2 Rc6 30. f3 Rf7 31. g4 hxg4 32. fxg4 fxg4 33. f5 gxf5
34. Rxf5 Kd7 35. Rd4 Ke6 36. Rf2 Rxd6 37. Re4+ Kd7 38. Rxg4 f5 39. Rg5 Ke6 40.
h5 Ke5 41. Rg1 Rb6+ 42. Ka1 Rb4 43. Rh1 Rh7 44. h6 Rf4 45. Re1+ Re4 46. Rh1 f4
47. Rg2 Re3 48. Rg5+ Ke4 49. Rh4 Re2 50. Rg8 Rf2 51. Re8+ Kf3 52. Rg8 a5 53. a4
Rd2 54. Rg5 Re2 55. Kb1 Rd7 56. Rg1 Rdd2 57. Rf1+ Kg2 58. h7 Kxf1 59. Rh1+ Kg2
60. h8=Q Rb2+ 61. Ka1 Ra2+ 62. Kb1 Reb2+ 63. Kc1 Rc2+ 64. Kb1 Rab2+ 65. Ka1
Ra2+ 1/2-1/2

[Event "Elit(Eksjo-Rockaden,Sthlm)"]
[Site "?"]
[Date "2023.10.14"]
[Round "2"]
[White "Lukez, Franko"]
[Black "Barkhagen, Jonas"]
[Result "1/2-1/2"]
[WhiteElo "2276"]
[BlackElo "2425"]
[PlyCount "85"]
[EventDate "2021.02.07"]
[SourceVersionDate "2023.10.28"]

1. Nf3 Nf6 2. g3 d5 3. Bg2 c6 4. O-O Bg4 5. h3 Bh5 6. d3 Nbd7 7. c4 e6 8. Nc3
Be7 9. cxd5 Nxd5 10. e4 N5b6 11. d4 O-O 12. Qe2 c5 13. Be3 Bxf3 14. Bxf3 cxd4
15. Bxd4 e5 16. Be3 Bc5 17. Rfd1 Qe7 18. Rac1 Bxe3 19. Qxe3 Nf6 20. Be2 Rfd8
21. a3 Rxd1+ 22. Rxd1 Rd8 23. Rxd8+ Qxd8 24. Qc5 Nfd7 25. Qa5 Qb8 26. Bg4 Nf6
27. Qc5 h5 28. Bf3 Nbd7 29. Qb4 g6 30. Nd5 Kg7 31. Kg2 b6 32. a4 a5 33. Qb5 Qd6
34. Nc3 Nc5 35. h4 Ne6 36. Bd1 Nd4 37. Qc4 Qb4 38. Qxb4 axb4 39. Na2 Nc6 40.
Bb3 Na5 41. Bd1 Nc6 42. Bb3 Na5 43. Bd1 1/2-1/2

[Event "Elit(Vasteras-Kungstornet)"]
[Site "?"]
[Date "2023.10.14"]
[Round "2"]
[White "Couso, Luis"]
[Black "Janse, Love"]
[Result "1/2-1/2"]
[WhiteElo "2248"]
[BlackElo "2221"]
[PlyCount "124"]
[EventDate "2021.02.07"]
[SourceVersionDate "2023.10.23"]

1. Nf3 f5 2. c4 Nf6 3. g3 g6 4. Bg2 Bg7 5. O-O d6 6. d4 O-O 7. Nc3 Qe8 8. Qb3
c6 9. Qa3 Na6 10. Rd1 h6 11. h4 Qf7 12. c5 dxc5 13. Ne5 Qe8 14. dxc5 Nh5 15.
Nd3 e5 16. b4 Nc7 17. Rb1 f4 18. Ne4 Nb5 19. Qb2 Bf5 20. a4 Nd4 21. Nd6 Qe6 22.
Nxf5 gxf5 23. e3 fxe3 24. Bxe3 f4 25. Bxd4 exd4 26. Re1 Qf5 27. Qb3+ Kh8 28.
Kh2 Rae8 29. Rxe8 Rxe8 30. Re1 Rxe1 31. Nxe1 fxg3+ 32. fxg3 Be5 33. Qf3 Bxg3+
34. Kg1 Qxf3 35. Nxf3 d3 36. b5 Be1 37. bxc6 bxc6 38. Ne5 Nf4 39. Bf3 Bb4 40.
Nxc6 Bxc5+ 41. Kf1 Kg7 42. Ke1 Kf6 43. Kd2 Ke6 44. Nd8+ Ke7 45. Nc6+ Kd6 46.
Be4 Bf2 47. Nb4 Bxh4 48. Nxd3 Nd5 49. Bf3 Bg5+ 50. Kc2 Nf6 51. Nb4 h5 52. Kd3
Kc5 53. Nc6 a6 54. Ke2 h4 55. Kf2 Nd7 56. Kg2 Nb6 57. Nb8 a5 58. Nc6 Nc4 59.
Kh3 Kb6 60. Be2 Nb2 61. Bb5 Nd1 62. Ne5 Kc5 1/2-1/2

[Event "Elit(LASK-Wasa)"]
[Site "?"]
[Date "2023.10.14"]
[Round "2"]
[White "Wedberg, Tom"]
[Black "Ahlander, Bjorn"]
[Result "*"]
[WhiteElo "2377"]
[BlackElo "2400"]
[PlyCount "125"]
[EventDate "2021.02.07"]
[SourceVersionDate "2023.10.27"]

1. e4 c5 2. Nf3 g6 3. d4 cxd4 4. Qxd4 Nf6 5. e5 Nc6 6. Qa4 Nd5 7. Qe4 Ndb4 8.
Bb5 Bg7 9. c3 Na6 10. O-O O-O 11. Re1 Nc7 12. Ba4 Ne6 13. Bc2 b6 14. Qh4 d6 15.
Bh6 Nxe5 16. Nxe5 dxe5 17. Bxg7 Nxg7 18. Rxe5 Bf5 19. Bb3 e6 20. Qxd8 Rfxd8 21.
Na3 Nh5 22. g3 Nf6 23. f3 h5 24. Ree1 Rd3 25. Kf2 Rd2+ 26. Re2 Rxe2+ 27. Kxe2
e5 28. Nc4 e4 29. Nd6 exf3+ 30. Kxf3 Bg4+ 31. Kf4 Kg7 32. Re1 Rd8 33. Nxf7 Nd5+
34. Bxd5 Rxd5 35. Ne5 Bf5 36. Re2 Kf6 37. h4 Rd1 38. Nc6 a5 39. Nd4 Rf1+ 40.
Ke3 Rg1 41. Kf2 Ra1 42. a3 a4 43. Nxf5 Kxf5 44. Rd2 Rc1 45. Kf3 Rf1+ 46. Kg2
Rc1 47. Rd5+ Ke4 48. Rb5 Rc2+ 49. Kh3 Kf3 50. Rxb6 Kf2 51. Rxg6 Rxb2 52. Rg5
Rc2 53. Rxh5 Rxc3 54. Rf5+ Ke3 55. Kg4 Ke2 56. h5 Rxa3 57. h6 Rc3 58. h7 Rc8
59. Rh5 Rh8 60. Kf5 a3 61. Kg6 Kf3 62. Kg7 a2 63. Ra5 *

[Event "Elit(Eksjo-Rockaden,Sthlm)"]
[Site "?"]
[Date "2023.10.14"]
[Round "2"]
[White "Seo, Jung Min"]
[Black "Thornert, Hakan"]
[Result "1-0"]
[WhiteElo "2462"]
[BlackElo "2157"]
[PlyCount "97"]
[EventDate "2021.02.07"]
[SourceVersionDate "2023.10.28"]

1. d4 Nf6 2. c4 g6 3. Nc3 d5 4. cxd5 Nxd5 5. e4 Nxc3 6. bxc3 Bg7 7. Qa4+ Nd7 8.
Nf3 O-O 9. Qa3 c5 10. Bd3 cxd4 11. cxd4 Nb6 12. Bg5 Re8 13. O-O Qd6 14. Qxd6
exd6 15. Rac1 Bg4 16. Rc7 Bxf3 17. gxf3 Bxd4 18. Rxb7 Reb8 19. Rc7 Rc8 20. Rfc1
Bc5 21. Rb7 Rab8 22. Rxb8 Rxb8 23. Bf4 Nd7 24. Rc2 Kf8 25. Kg2 Ke7 26. a4 Rb4
27. a5 f6 28. Bd2 Rb8 29. f4 Kd8 30. Kf3 Bb4 31. Bxb4 Rxb4 32. Rc6 Ra4 33. Rxd6
Rxa5 34. Bc4 Ra3+ 35. Ke2 Kc7 36. Re6 Rh3 37. Bb5 Nb6 38. Rc6+ Kd8 39. Rxf6
Rxh2 40. Rf7 Rh5 41. e5 Rf5 42. Rxa7 Rxf4 43. Rb7 Re4+ 44. Kd3 Na4 45. Rd7+ Kc8
46. Rd5 Rf4 47. e6 Nb2+ 48. Kc3 Nd3 49. Rxd3 1-0

[Event "Elit(Wasa-Vaxjo)"]
[Site "?"]
[Date "2023.10.13"]
[Round "1"]
[White "Engqvist, Thomas"]
[Black "Rydstrom, Tom"]
[Result "1/2-1/2"]
[WhiteElo "2338"]
[BlackElo "2252"]
[PlyCount "140"]
[SourceVersionDate "2023.10.20"]

1. e4 e5 2. Nf3 Nc6 3. Bb5 a6 4. Bxc6 dxc6 5. d4 exd4 6. Qxd4 Qxd4 7. Nxd4 Bd7
8. Nc3 O-O-O 9. Be3 Bb4 10. f3 Ne7 11. g4 h5 12. g5 Ng6 13. Kf2 Ne5 14. Nde2
Rhf8 15. Bd4 f6 16. gxf6 gxf6 17. Rhg1 Bd6 18. Kg2 c5 19. Bxe5 Bxe5 20. f4 Bxc3
21. Nxc3 f5 22. Kf2 Bc6 23. Rad1 Rd4 24. Rxd4 cxd4 25. Ne2 fxe4 26. Nxd4 Rxf4+
27. Ke3 Rh4 28. Rg8+ Kd7 29. Rg7+ Kd8 30. Nxc6+ bxc6 31. h3 Rxh3+ 32. Kxe4 Rh2
33. Kd3 h4 34. Rh7 h3 35. b4 Kc8 36. a4 Kb7 37. Rh6 Rh1 38. a5 c5 39. bxc5 Kc8
40. c6 Kd8 41. Rh7 Ke8 42. Kc4 h2 43. Kc5 Ra1 44. Rxh2 Rxa5+ 45. Kd4 Ke7 46.
Rh7+ Kd6 47. Rh6+ Ke7 48. c4 Ra1 49. Kd5 Ra5+ 50. c5 Ra1 51. Rh7+ Kd8 52. Rh4
Ke7 53. Rh7+ Kd8 54. Rh8+ Ke7 55. Rc8 Rd1+ 56. Kc4 Rc1+ 57. Kb4 Rb1+ 58. Ka5
Ra1+ 59. Kb4 Rb1+ 60. Kc3 Rc1+ 61. Kd4 Rd1+ 62. Ke4 Re1+ 63. Kd3 Rd1+ 64. Ke3
Re1+ 65. Kd2 Re5 66. Rxc7+ Kd8 67. Ra7 Rxc5 68. Rxa6 Kc7 69. Kd3 Rxc6 70. Rxc6+
Kxc6 1/2-1/2

[Event "Elit(LASK-Vasteras)"]
[Site "?"]
[Date "2023.10.13"]
[Round "1"]
[White "Smith, Axel"]
[Black "Eriksson, Anders"]
[Result "1/2-1/2"]
[WhiteElo "2412"]
[BlackElo "2194"]
[PlyCount "85"]
[SourceVersionDate "2023.10.21"]

1. c4 Nf6 2. g3 c5 3. Bg2 Nc6 4. Nf3 b6 5. d4 cxd4 6. Nxd4 Bb7 7. Nc3 g6 8. b3
Bg7 9. Bb2 O-O 10. O-O Rb8 11. Nc2 d6 12. Qd2 Nd7 13. Rad1 a6 14. Ne3 Ba8 15.
Ncd5 Bxb2 16. Qxb2 b5 17. h4 bxc4 18. Nxc4 e6 19. Nf4 d5 20. Ne3 Qf6 21. Qd2
Rfd8 22. Rc1 a5 23. Rfd1 Nde5 24. Nd3 Nxd3 25. Qxd3 a4 26. bxa4 Rb2 27. Ng4 Qg7
28. e4 h5 29. Ne3 Qf6 30. Qf1 dxe4 31. Rxd8+ Nxd8 32. Nc4 Rxa2 33. Nb6 Bb7 34.
Nd7 Qb2 35. Rb1 Qc2 36. Rc1 Qxa4 37. Nc5 Qa7 38. Qd1 Qb6 39. Bxe4 Bxe4 40. Nxe4
f5 41. Rc8 fxe4 42. Qxd8+ Qxd8 43. Rxd8+ 1/2-1/2

[Event "Elit(Wasa-Vaxjo)"]
[Site "?"]
[Date "2023.10.13"]
[Round "1"]
[White "Sevastianov, Andrii"]
[Black "Bellon Lopez, Juan"]
[Result "1/2-1/2"]
[WhiteElo "2181"]
[BlackElo "2270"]
[PlyCount "85"]
[SourceVersionDate "2023.10.20"]

1. e4 c5 2. Nf3 Nc6 3. Bb5 Na5 4. b3 a6 5. Be2 d6 6. Bb2 e5 7. c3 Nf6 8. Qc2
Qc7 9. O-O Bg4 10. d3 Be7 11. Nbd2 Rc8 12. Rfe1 b5 13. Rac1 Qb7 14. Qb1 O-O 15.
d4 Bxf3 16. Bxf3 c4 17. Ba3 Rfe8 18. Nf1 cxb3 19. axb3 Qb6 20. dxe5 dxe5 21.
Bxe7 Rxe7 22. Ne3 g6 23. h3 Rec7 24. Bg4 Rd8 25. Red1 Rxd1+ 26. Bxd1 Qe6 27.
Qa2 Nb7 28. Bg4 Qb6 29. c4 bxc4 30. Rxc4 Rxc4 31. Nxc4 Qb5 32. Qb2 Nxg4 33.
hxg4 Nc5 34. Nd6 Qxb3 35. Qxe5 Nd7 36. Qe7 Qe6 37. Qd8+ Nf8 38. Ne8 h6 39. Nf6+
Kg7 40. Ne8+ Kg8 41. Nf6+ Kg7 42. Ne8+ Kg8 43. Nf6+ 1/2-1/2

[Event "Elit(LASK-Vasteras)"]
[Site "?"]
[Date "2023.10.13"]
[Round "1"]
[White "Landgren, Andreas"]
[Black "Mauritsson, Sebastian"]
[Result "1/2-1/2"]
[WhiteElo "2230"]
[BlackElo "2390"]
[PlyCount "50"]
[SourceVersionDate "2023.10.21"]

1. d4 d5 2. c4 c6 3. Nf3 Nf6 4. Nc3 dxc4 5. a4 e6 6. e3 c5 7. Bxc4 Nc6 8. O-O
cxd4 9. exd4 Be7 10. Re1 O-O 11. Bf4 Bd7 12. Qe2 Rc8 13. Rad1 Nb4 14. d5 exd5
15. Nxd5 Nbxd5 16. Bxd5 Bb4 17. Bxb7 Re8 18. Qf1 Bxe1 19. Bxc8 Qxc8 20. Rxe1
Bxa4 21. Rxe8+ Bxe8 22. Qc1 Qxc1+ 23. Bxc1 Nd5 24. Bd2 f6 25. Nd4 Kf7 1/2-1/2

[Event "Elit(Wasa-Vaxjo)"]
[Site "?"]
[Date "2023.10.13"]
[Round "1"]
[White "Ostlund, Joar"]
[Black "Lindborg, Patrik"]
[Result "1/2-1/2"]
[WhiteElo "2258"]
[BlackElo "2179"]
[PlyCount "62"]
[SourceVersionDate "2023.10.20"]

1. d4 Nf6 2. c4 g6 3. Nc3 Bg7 4. e4 d6 5. Be2 O-O 6. h4 c5 7. d5 e6 8. h5 exd5
9. exd5 Re8 10. Kf1 Ne4 11. Nxe4 Rxe4 12. hxg6 hxg6 13. Nf3 Bg4 14. Bg5 Bf6 15.
Bd3 Re5 16. Rh8+ Kxh8 17. Nxe5 dxe5 18. Bxf6+ Qxf6 19. Qxg4 Na6 20. Qd7 Kg7 21.
Re1 Rh8 22. Be4 Rh1+ 23. Ke2 Rxe1+ 24. Kxe1 Qf4 25. f3 Nb4 26. Qe7 Qe3+ 27. Kf1
Nd3 28. Bxd3 Qxd3+ 29. Kg1 Qe3+ 30. Kh2 Qh6+ 31. Kg1 Qe3+ 1/2-1/2

[Event "Elit(LASK-Vasteras)"]
[Site "?"]
[Date "2023.10.13"]
[Round "1"]
[White "Nord, Alexander"]
[Black "Kretz, Johan"]
[Result "1-0"]
[WhiteElo "2201"]
[BlackElo "2164"]
[PlyCount "101"]
[SourceVersionDate "2023.10.21"]

1. d4 Nf6 2. Bf4 e6 3. e3 d5 4. Nf3 Bd6 5. Nbd2 Bxf4 6. exf4 Qd6 7. g3 b6 8. c3
c5 9. Bd3 Nc6 10. a3 a5 11. Qe2 O-O 12. O-O Bb7 13. Rfe1 Rfe8 14. Qf1 g6 15. h4
Ne7 16. Ne5 cxd4 17. cxd4 Nf5 18. Ndf3 Ne4 19. Rac1 f6 20. Ng4 Kg7 21. Ne3
Nfxg3 22. fxg3 Nxg3 23. Qf2 Qxf4 24. Nh2 Qd6 25. Nhg4 Rf8 26. Rc2 Nf5 27. Rec1
Rf7 28. Nxf5+ gxf5 29. Qh2 Qxh2+ 30. Nxh2 Rg8 31. Kf2 Kh6 32. Rc7 Rfg7 33. Rxg7
Rxg7 34. Nf3 Kg6 35. Ke3 Re7 36. Kf4 Kf7 37. h5 Ke8 38. Rg1 Kf8 39. h6 Rc7 40.
Rg2 Bc8 41. Nh4 Rc1 42. Rg7 Rh1 43. Nf3 Rxh6 44. Rc7 e5+ 45. dxe5 fxe5+ 46.
Kxe5 Re6+ 47. Kf4 Re8 48. Ng5 Rd8 49. Nxh7+ Kg8 50. Nf6+ Kf8 51. Bxf5 1-0

[Event "Elit(Limhamn-Stockholms SS)"]
[Site "?"]
[Date "2023.10.13"]
[Round "1"]
[White "Thorn, Eric"]
[Black "Garriga Cazorla, Pere"]
[Result "1/2-1/2"]
[WhiteElo "2390"]
[BlackElo "2448"]
[PlyCount "51"]
[SourceVersionDate "2023.10.17"]

1. d4 Nf6 2. c4 e6 3. Nf3 d5 4. Nc3 dxc4 5. e3 a6 6. Bxc4 b5 7. Bb3 c5 8. O-O
Bb7 9. e4 cxd4 10. Nxd4 Nc6 11. Nxc6 Qxd1 12. Rxd1 Bxc6 13. f3 Nd7 14. Be3 Rc8
15. Rac1 Bc5 16. Kf2 Bxe3+ 17. Kxe3 Ke7 18. Ne2 Bb7 19. Nf4 Ne5 20. Nd3 Nxd3
21. Kxd3 e5 22. Ke3 f6 23. a3 Rxc1 24. Rxc1 Rc8 25. Rxc8 Bxc8 26. Bc2 1/2-1/2

[Event "Elit(Rockaden,Sthlm-Orgryte)"]
[Site "?"]
[Date "2023.10.13"]
[Round "1"]
[White "Olsson, William"]
[Black "Socko, Bartosz"]
[Result "0-1"]
[WhiteElo "2376"]
[BlackElo "2538"]
[PlyCount "128"]
[SourceVersionDate "2023.10.21"]

1. c4 e5 2. g3 Nc6 3. Nc3 g6 4. Bg2 Bg7 5. Nf3 Nge7 6. O-O O-O 7. a3 a5 8. d3
d6 9. Rb1 Nd4 10. b4 axb4 11. axb4 Bg4 12. Ng5 h6 13. h3 Bd7 14. e3 hxg5 15.
exd4 exd4 16. Ne2 g4 17. Bxb7 Rb8 18. Bh1 gxh3 19. Bg5 Re8 20. Re1 Qc8 21. b5
Nf5 22. Kh2 Be5 23. Ng1 Kg7 24. Nf3 f6 25. Bd2 g5 26. Kg1 Ne7 27. Bb4 Ng6 28.
Kh2 g4 29. Nd2 f5 30. Ra1 f4 31. Be4 Qd8 32. Rg1 Rf8 33. Qe2 Be6 34. Ra7 Rf7
35. Ba5 Qc8 36. Kh1 f3 37. Qd1 h2 38. Re1 c5 39. b6 Qh8 40. Rxf7+ Bxf7 41. b7
d5 42. Bf5 Rxb7 43. Bxg4 Qa8 44. Nxf3 dxc4 45. dxc4 Bf6 46. Bd2 Bxc4 47. Kxh2
Bd5 48. Kg1 Rb3 49. Ng5 Bxg5 50. Bxg5 Qh8 51. f3 Qb8 52. Kg2 Rb2+ 53. Kh3 Qh8+
54. Bh4 Nxh4 55. gxh4 Qb8 56. Rh1 Qf4 57. Qe1 Kf8 58. Qa5 Qd6 59. Qa1 Re2 60.
Qb1 Be6 61. Qg6 Qf4 62. Bxe6 Qxf3+ 63. Qg3 Qxh1+ 64. Kg4 Rg2 0-1

[Event "Elit(Limhamn-Stockholms SS)"]
[Site "?"]
[Date "2023.10.13"]
[Round "1"]
[White "Johansson, Linus"]
[Black "Hauge, Lars Oskar"]
[Result "1/2-1/2"]
[WhiteElo "2429"]
[BlackElo "2509"]
[PlyCount "79"]
[SourceVersionDate "2023.10.17"]

1. d4 d5 2. c4 e6 3. Nc3 Nf6 4. cxd5 exd5 5. Bg5 c6 6. e3 Bf5 7. Qf3 Bg6 8.
Bxf6 Qxf6 9. Qxf6 gxf6 10. Nf3 Nd7 11. h4 h5 12. g3 Nb6 13. Nd2 a5 14. Be2 a4
15. a3 Nc8 16. e4 dxe4 17. Ndxe4 Nd6 18. Nxd6+ Bxd6 19. O-O-O O-O 20. Bf3 Rfd8
21. Rhe1 Rd7 22. Be4 f5 23. Bc2 f4 24. Ne4 Bxe4 25. Rxe4 fxg3 26. fxg3 Kf8 27.
g4 Ra5 28. gxh5 Rxh5 29. Rf1 Be7 30. Rff4 Bd6 31. Rf1 Bg3 32. Rg4 Bxh4 33. Bxa4
Bg5+ 34. Kb1 Be3 35. Bb3 Rg5 36. Rxg5 Bxg5 37. d5 cxd5 38. Rf5 Be3 39. Rxd5
Rxd5 40. Bxd5 1/2-1/2

[Event "Elit(Kungstornet-Eksjo)"]
[Site "?"]
[Date "2023.10.13"]
[Round "1"]
[White "Lyrberg, Patrik"]
[Black "Danchevski, Orce"]
[Result "1/2-1/2"]
[WhiteElo "2446"]
[BlackElo "2340"]
[PlyCount "99"]
[SourceVersionDate "2023.10.21"]

1. d4 Nf6 2. c4 e6 3. Nc3 d5 4. cxd5 exd5 5. Bg5 Be7 6. e3 c6 7. Bd3 O-O 8. Qc2
Nbd7 9. Nf3 Re8 10. O-O Nf8 11. h3 Ng6 12. Ne5 Nd7 13. Bxe7 Qxe7 14. f4 Ndxe5
15. dxe5 Nf8 16. e4 Qc5+ 17. Kh1 d4 18. Qf2 Be6 19. f5 Bc4 20. Na4 Qb5 21. Bxc4
Qxc4 22. b3 Qb4 23. Qg3 b5 24. Nb2 Nd7 25. Nd3 Qe7 26. a4 Kh8 27. axb5 cxb5 28.
f6 gxf6 29. exf6 Nxf6 30. Rae1 Nxe4 31. Qg4 Qe6 32. Qf4 f5 33. Kg1 a5 34. Qxf5
Qxf5 35. Rxf5 a4 36. bxa4 bxa4 37. Rd5 Nc3 38. Rxe8+ Rxe8 39. Ra5 Re3 40. Nf4
Kg7 41. Nd5 Nxd5 42. Rxd5 a3 43. Kf2 Rd3 44. Ke2 Re3+ 45. Kf2 Re7 46. Ra5 Re3
47. Ra4 Rd3 48. Ke2 Re3+ 49. Kf2 Rd3 50. Ke2 1/2-1/2

[Event "Elit(Rockaden,Sthlm-Orgryte)"]
[Site "?"]
[Date "2023.10.13"]
[Round "1"]
[White "Seo, Jung Min"]
[Black "Frisk Kockum, Anton"]
[Result "1-0"]
[WhiteElo "2462"]
[BlackElo "2324"]
[PlyCount "71"]
[SourceVersionDate "2023.10.21"]

1. d4 f5 2. g3 Nf6 3. Bg2 g6 4. Nd2 d5 5. Nh3 Bg7 6. O-O O-O 7. Nf4 c5 8. c4
cxd4 9. cxd5 g5 10. Ne6 Bxe6 11. dxe6 Nc6 12. Nb3 h6 13. Qd3 Ng4 14. Qb5 Qb6
15. a4 f4 16. Nc5 Nge5 17. Ra3 Rad8 18. Kh1 Na5 19. gxf4 gxf4 20. Nd7 Nxd7 21.
exd7 Qc7 22. Bh3 Kh8 23. Rg1 Nc4 24. Rb3 Nd6 25. Qd5 Qc6 26. Qxc6 bxc6 27. Bd2
Nc4 28. Bb4 Bf6 29. Bc5 Nd2 30. Rb7 Ne4 31. Bxa7 Rg8 32. Rg2 f3 33. exf3 d3 34.
fxe4 d2 35. Rxg8+ Rxg8 36. Bg4 1-0

[Event "Elit(Limhamn-Stockholms SS)"]
[Site "?"]
[Date "2023.10.13"]
[Round "1"]
[White "Ertan, Can"]
[Black "Domingo Nunez, Ruben"]
[Result "0-1"]
[WhiteElo "2353"]
[BlackElo "2417"]
[PlyCount "72"]
[SourceVersionDate "2023.10.19"]

1. e4 c5 2. Nf3 e6 3. d4 cxd4 4. Nxd4 Nc6 5. Nb5 d6 6. c4 Nf6 7. N5c3 a6 8. Be2
Qc7 9. Be3 b6 10. Na4 Rb8 11. Nbc3 Be7 12. Rc1 Ne5 13. O-O O-O 14. b4 Ned7 15.
Qd4 Bb7 16. Rfd1 Rfd8 17. f3 Ba8 18. Bf2 Qb7 19. Bg3 Ne8 20. Qe3 Rbc8 21. Rb1
Bf6 22. Kh1 Qc7 23. c5 bxc5 24. Bxa6 cxb4 25. Nb5 Qa5 26. Qa7 Rc6 27. Bc8 Qxa7
28. Nxa7 Rcxc8 29. Nxc8 Rxc8 30. Bxd6 Nxd6 31. Rxd6 Ne5 32. Nb6 Rb8 33. f4 Be7
34. fxe5 Bxd6 35. exd6 Rxb6 36. Rc1 Bc6 0-1

[Event "Elit(Kungstornet-Eksjo)"]
[Site "?"]
[Date "2023.10.13"]
[Round "1"]
[White "Krantz, Christopher"]
[Black "Aronsson, Marten"]
[Result "0-1"]
[WhiteElo "2279"]
[BlackElo "2256"]
[PlyCount "54"]
[SourceVersionDate "2023.10.21"]

1. d4 Nf6 2. Nf3 d5 3. Bf4 Bf5 4. e3 e6 5. Bd3 Bg6 6. O-O Bd6 7. Bxd6 cxd6 8.
c4 dxc4 9. Bxg6 hxg6 10. Qa4+ Nbd7 11. Qxc4 O-O 12. Nc3 Qb6 13. Qe2 d5 14. Ng5
Rac8 15. f4 Qb4 16. Rac1 Rc6 17. Qb5 Qxb5 18. Nxb5 Rb6 19. Nxa7 Ra8 20. Rc8+
Rxc8 21. Nxc8 Rxb2 22. Nd6 Ng4 23. Ndxf7 Nxe3 24. Re1 Nxg2 25. Rxe6 Nxf4 26.
Re8+ Nf8 27. Ne5 Rg2+ 0-1

[Event "Elit(Rockaden,Sthlm-Orgryte)"]
[Site "?"]
[Date "2023.10.13"]
[Round "1"]
[White "Torngren, Gustav"]
[Black "Blomqvist, Erik"]
[Result "0-1"]
[WhiteElo "2306"]
[BlackElo "2509"]
[PlyCount "124"]
[SourceVersionDate "2023.10.21"]

1. d4 Nf6 2. c4 e6 3. g3 Bb4+ 4. Nd2 c5 5. a3 Bxd2+ 6. Qxd2 Nc6 7. dxc5 Ne4 8.
Qe3 Qa5+ 9. Bd2 Nxd2 10. Qxd2 Qxc5 11. Rc1 Qd4 12. Qxd4 Nxd4 13. Nf3 Nxf3+ 14.
exf3 b6 15. Bd3 d6 16. Ke2 Bd7 17. Rc3 Ke7 18. Rhc1 Rhc8 19. b4 Rab8 20. h4 h6
21. f4 Rc7 22. Ke3 Rbc8 23. Kd2 a5 24. Ke3 f6 25. Be2 axb4 26. axb4 Ra8 27. Bd1
Ra2 28. R1c2 Ra4 29. Rb2 Ra1 30. Be2 Rca7 31. Kd2 Bc6 32. c5 bxc5 33. bxc5 d5
34. Ke3 e5 35. fxe5 fxe5 36. Kd2 d4 37. Rcb3 R1a5 38. Bb5 Kd7 39. Bxc6+ Kxc6
40. Kd3 Kd5 41. c6 e4+ 42. Ke2 Kxc6 43. f3 Kd5 44. Rb8 exf3+ 45. Kxf3 Ra3+ 46.
Kf4 Rf7+ 47. Kg4 Rd7 48. R8b4 Ke4 49. Rf2 Re3 50. Ra2 Rd5 51. h5 Rg5+ 52. Kh4
Re1 53. Rh2 Ke3 54. Rb7 Kd3 55. g4 Rg1 56. Rh3+ Ke4 57. Re7+ Kd5 58. Ra3 R5xg4+
59. Kh3 Rg5 60. Kh2 Rc1 61. Rd7+ Ke4 62. Re7+ Re5 0-1

[Event "Elit(Limhamn-Stockholms SS)"]
[Site "?"]
[Date "2023.10.13"]
[Round "1"]
[White "Lindgren, Philip"]
[Black "Lokander, Martin"]
[Result "1-0"]
[WhiteElo "2380"]
[BlackElo "2462"]
[PlyCount "93"]
[SourceVersionDate "2023.10.19"]

1. d4 d5 2. Nf3 Nf6 3. c4 e6 4. cxd5 exd5 5. Nc3 Nbd7 6. Bg5 Bb4 7. e3 h6 8.
Bxf6 Qxf6 9. Qb3 Qd6 10. a3 Ba5 11. Qb5 Bxc3+ 12. bxc3 O-O 13. Be2 Nb6 14. O-O
Bf5 15. a4 c6 16. Qb3 Qe7 17. a5 Nc8 18. Ne5 a6 19. c4 dxc4 20. Bxc4 Nd6 21.
Qb4 Rac8 22. Qc5 Rc7 23. Be2 Be4 24. Rac1 Rd8 25. Rfd1 Qg5 26. Bf3 f6 27. Bxe4
Nxe4 28. Qc4+ Rd5 29. Nd3 Rf7 30. Nf4 Rxa5 31. d5 cxd5 32. Nxd5 Qe5 33. Nf4 Rc5
34. Qb3 Rxc1 35. Rxc1 Nd6 36. h4 g5 37. Ne6 b5 38. Nd8 Nc4 39. Nxf7 Kxf7 40.
Qd3 gxh4 41. Rd1 Qe7 42. Qh7+ Ke6 43. Qg8+ Kf5 44. Qc8+ Ke5 45. Qc6 Qf7 46. Rd4
f5 47. f4# 1-0

[Event "Elit(Kungstornet-Eksjo)"]
[Site "?"]
[Date "2023.10.13"]
[Round "1"]
[White "Andersson, Fredrik"]
[Black "Lukez, Franko"]
[Result "1/2-1/2"]
[WhiteElo "2245"]
[BlackElo "2276"]
[PlyCount "35"]
[SourceVersionDate "2023.10.21"]

1. d4 g6 2. e4 Bg7 3. Nc3 d6 4. Nf3 Nf6 5. Be2 O-O 6. O-O c5 7. d5 a6 8. a4 e6
9. h3 exd5 10. exd5 Nbd7 11. Bf4 Qc7 12. Re1 b6 13. Bc4 Re8 14. Rxe8+ Nxe8 15.
Qe2 Bb7 16. Re1 Ndf6 17. Ng5 Rd8 18. Bh2 1/2-1/2

[Event "Elit(Rockaden,Sthlm-Orgryte)"]
[Site "?"]
[Date "2023.10.13"]
[Round "1"]
[White "Wiedenkeller, Michael"]
[Black "Kumar, Rahul"]
[Result "0-1"]
[WhiteElo "2442"]
[BlackElo "2215"]
[PlyCount "72"]
[SourceVersionDate "2023.10.21"]

1. d4 d6 2. e4 g6 3. Nc3 Bg7 4. Be3 a6 5. Qd2 Nd7 6. Nf3 h6 7. O-O-O e6 8. h4
b5 9. h5 g5 10. d5 b4 11. Na4 Ngf6 12. dxe6 fxe6 13. Bd3 Ng4 14. e5 Ndxe5 15.
Nxe5 Nxe5 16. Be4 Rb8 17. f4 Nc4 18. Bg6+ Ke7 19. Qe2 Nxe3 20. Qxe3 gxf4 21.
Qxf4 Rf8 22. Qc4 Rb5 23. Rhf1 Bd7 24. Rxf8 Kxf8 25. Rf1+ Kg8 26. Bf7+ Kh8 27.
Bxe6 Qg5+ 28. Kb1 Bxe6 29. Qxe6 Qxg2 30. Rd1 Kh7 31. Qf7 Re5 32. b3 Qe2 33. Rc1
Rxh5 34. Qxc7 Qe5 35. c3 Qe4+ 36. Rc2 Rh1+ 0-1

[Event "Elit(Limhamn-Stockholms SS)"]
[Site "?"]
[Date "2023.10.13"]
[Round "1"]
[White "Renman, Nils-Gustaf"]
[Black "Brynell, Stellan"]
[Result "0-1"]
[WhiteElo "2324"]
[BlackElo "2401"]
[PlyCount "112"]
[SourceVersionDate "2023.10.19"]

1. d4 Nf6 2. c4 e6 3. Nf3 b6 4. a3 Ba6 5. Qc2 c5 6. e3 Bb7 7. Be2 cxd4 8. exd4
Be7 9. O-O O-O 10. Nbd2 Qc7 11. b4 a5 12. Rb1 axb4 13. axb4 d6 14. Bd3 Nbd7 15.
Bb2 Rfe8 16. Rfe1 Nf8 17. h3 Ng6 18. g3 Rec8 19. Qb3 b5 20. c5 Bd5 21. Qd1 Qb7
22. Qe2 Bc6 23. Ng5 Qd7 24. h4 Nd5 25. Nxh7 Nxb4 26. Bxg6 fxg6 27. Ng5 Bxg5 28.
hxg5 Ra2 29. Ne4 dxc5 30. Nxc5 Qd5 31. Qxe6+ Qxe6 32. Rxe6 Kf7 33. Re3 Rh8 34.
f3 Nc2 35. Rc3 Nxd4 36. Kg2 Re8 37. Ne4 Rxe4 38. fxe4 Bxe4+ 39. Kf1 Bxb1 40.
Rc7+ Ke6 41. Bxd4 Kd5 42. Bxg7 Ke4 43. Ke1 Bd3 44. Re7+ Kf3 45. Bd4 Be4 46. Re5
Ra4 47. Bb2 Rb4 48. Bc1 Rb1 49. Kd2 b4 50. Ra5 Kxg3 51. Ra2 Kg4 52. Ra5 Bf5 53.
Kd1 Kf3 54. Ra2 b3 55. Rb2 Bc2+ 56. Kd2 Ra1 0-1